000 01253nam a22002297a 4500
999 _c168600
_d168600
005 20191016160238.0
010 _aB-730556
020 _a9789353093105
_c50.00
035 _aB-730556
037 _bडी.बी.ए.डी./ उपहार
082 _a
100 _aनहेमायाह, आशा
245 _aझूठ का पर्दा /
_cआशा नहेमायाह; ओइन्द्री चक्रवर्ती द्वारा चित्रांकित; पुजा ओमवीर रावत द्वारा हिन्दी अनुवाद
246 _aJhuth ka parda
_bby Asha Nahemayah
260 _aनई दिल्ली
_bप्रथम बुक्स
_c2018
270 _a#621, 2nd floor, 5th Main, OMBR Layout, Banaswadi,
_bBengaluru
_e560043
_k+91 80 42052574, 91 11 41042483
300 _a24पृ.
_bसचित्र
_c14x20 सेमी (अजिल्द)
700 _928835
_aचक्रवर्ती, ओइन्द्री
700 _928836
_aरावत, पुजा ओमवीर
942 _2ddc
_cCH
_h
_mनहेम